Diaspora-Hungary - Statistics

General Stats
  • This quiz has been taken 476 times
  • The average score is 19 of 22
Answer Stats
Immigrants Continent Country % Correct
1.563.081 North America United States of America
99%
52.250 Europe United Kingdom
98%
315.510 North America Canada
97%
120.000 Europe Germany
96%
1.227.623 Europe Romania
95%
55.038 Europe Austria
94%
76.500 Asia/ Europe Russia
94%
80.000 South America Brazil
93%
458.467 Europe Slovakia
93%
253.899 Europe Serbia
92%
100.000-200.000 Europe France
90%
40.000-50.000 South America Argentina
89%
67.616 Oceania Australia
89%
6.800 Asia/ Europe Turkey
88%
156.000 Europe Ukraine
87%
14.038 Europe Croatia
86%
50.000 South America Chile
80%
6.243 Europe Slovenia
78%
14.672 Europe Czech Republic
75%
20.000-25.000 Europe Switzerland
74%
16.193 Europe Sweden
73%
200.000-250.000 Asia Israel
63%
No matching quizzes found
Score Distribution
Percent of People with Each Score
Percentile by Number Answered
Your Score History
You have not taken this quiz